Endocrine pancreas in chronic pancreatitis A qualitative and quantitative study /

Elmentve itt :
Bibliográfiai részletek
Szerzők: Lászik Zoltán
Pap Ákos
Farkas Gyula
Ormos Jenő
Dokumentumtípus: Cikk
Megjelent: 1989
Sorozat:ARCHIVES OF PATHOLOGY & LABORATORY MEDICINE 113 No. 1
Tárgyszavak:
mtmt:2410137
Online Access:http://publicatio.bibl.u-szeged.hu/32763
LEADER 00826nab a2200241 i 4500
001 publ32763
005 20250415152006.0
008 250415s1989 hu o 000 eng d
022 |a 0003-9985 
024 7 |a 2410137  |2 mtmt 
040 |a SZTE Publicatio Repozitórium  |b hun 
041 |a eng 
100 1 |a Lászik Zoltán 
245 1 0 |a Endocrine pancreas in chronic pancreatitis   |h [elektronikus dokumentum] :  |b A qualitative and quantitative study /  |c  Lászik Zoltán 
260 |c 1989 
300 |a 47-51 
490 0 |a ARCHIVES OF PATHOLOGY & LABORATORY MEDICINE  |v 113 No. 1 
650 4 |a Általános orvostudomány 
650 4 |a Klinikai orvostan 
700 0 1 |a Pap Ákos  |e aut 
700 0 1 |a Farkas Gyula  |e aut 
700 0 1 |a Ormos Jenő  |e aut 
856 4 0 |u http://publicatio.bibl.u-szeged.hu/32763/1/aok_klny_385_89.pdf  |z Dokumentum-elérés